000 00851nam a2200241 i 4500
001 bg
100 1 _aSCHENK, George
245 1 0 _aProfesjonalny sprzedawca :
_bjak budować trwałe więzi z klientami /
_cGeorge Schenk ; [przeł. z jęz. ang. Paweł Bartoszewicz et al.].
246 _iTyt. oryg.:
_aOryg. w rps.
260 _aKraków :
_b"ABC" :
_bOficyna Ekonomiczna. Oddział Polskich Wydawnictw Profesjonalnych,
_c2001.
300 _a229 s. :
_bil. ;
_c24 cm.
500 _aOryg. w rps.
650 9 _aKupno i sprzedaż
650 9 _aObsługa klienta
020 _a8388597094
040 _cBPK
041 1 _apl
_hen
080 _a339.13:658.8
920 _a83-88597-09-4
942 _cKS
008 s pl f |000 0 pol
999 _c40759
_d40759
856 _uhttp://koha.tu.koszalin.pl/cgi-bin/koha/opac-detail.pl?biblionumber=40759
_yKatalog online BPK